| 000 | 00492pab a2200169 454500 | ||
|---|---|---|---|
| 008 | 180718b2012 xxu||||| |||| 00| 0 eng d | ||
| 100 | _aAnand, Akundy | ||
| 245 | _aPeople's responses to the state policies of resettlement: The case of Ultra Mega Power Plant in Orissa | ||
| 260 | _c2012 | ||
| 300 | _ap.202-214. | ||
| 362 | _aJul-Dec | ||
| 650 | _aResettlement | ||
| 700 | _aMishra, Sujit Kumar | ||
| 773 | _aJournal of Social and Economic Development | ||
| 908 | _aN | ||
| 909 | _a98122 | ||
| 999 |
_c98121 _d98121 |
||